000 00378nam a22001217a 4500
999 _c1794
_d1794
005 20200903145129.0
008 200903b ||||| |||| 00| 0 eng d
020 _a058260687X
040 _cCML
245 _aAn Introduction to the Chemistry of Carbon Compounds.
_cArene, E.O.
260 _aEngland
_bLongman Group
_c1979
942 _2ddc
_cBK
_e1st Edition
_h547
_mARE